000 00359nam a22001217a 4500
020 _a8122414133
082 _222
_a620.191
100 _aReddy, F Saibaba and Sastri, K Rama.
245 _aMeasurement of engineering properties of soils /
260 _aNew Delhi,
_bNew Age International,
_cc2002.
300 _aviii, 229 p. ;
_bill. ;
_c21 cm.
942 _2ddc
_cCIVIL
999 _c138
_d138